| 000 | 00738nam a2200277Ia 4500 | ||
|---|---|---|---|
| 008 | 170711s9999 xx 000 0 und d | ||
| 020 | _a9780547134642 | ||
| 050 | _a791.43 | ||
| 050 | _bM282 2009 | ||
| 100 | _aMann, William J. | ||
| 245 | _aHow to be a movie star : | ||
| 245 | _bElizabeth Taylor in Hollywood / | ||
| 245 | _cby William J. Mann. | ||
| 260 | _aNew York : | ||
| 260 | _bMariner Books, | ||
| 260 | _c2009 | ||
| 300 | _a484 pages : | ||
| 300 | _billustrations ; | ||
| 300 | _c20cm. | ||
| 500 | _aIncludes notes and index. | ||
| 650 | _aMotion picture actors and actresses -- | ||
| 650 | _aTaylor, Elizabeth, -- | ||
| 650 | _x1932-2011. | ||
| 650 | _xUnited States -- Biography. | ||
| 700 | _aTitle. | ||
| 999 |
_c339931 _d339931 |
||